[Event "4. Wittelsbacher Weihnachts-Schach-Open"]
[Site "Kelheim"]
[Date "2015.12.29"]
[Round "5.59"]
[White "Ponomarev, Maximilian"]
[Black "Fritsch, Julian"]
[Result "1/2-1/2"]
[WhiteElo "1253"]
[BlackElo "1377"]
[PlyCount "56"]
[EventDate "2015.??.??"]
[WhiteTeam "SC Tarrasch München"]
[BlackTeam "SK Kelheim"]

1. e4 d6 2. d4 Nf6 3. Nc3 g6 4. Be3 Bg7 5. f3 O-O 6. Qd2 e5 7. O-O-O exd4 8.
Bxd4 Nc6 9. Be3 a6 10. g4 b5 11. h4 h5 12. gxh5 Nxh5 13. Be2 Ne5 14. b3 Bd7 15.
Bg5 Qb8 16. Nh3 a5 17. Nd5 a4 18. Bh6 axb3 19. cxb3 Bxh3 20. Rxh3 Rxa2 21. Qxa2
Bxh6+ 22. Kb1 Qb7 23. Qc2 c6 24. Nc3 Nf4 25. Rh2 Bg7 26. Na2 d5 27. exd5 Nxd5
28. Qc5 Nf4 1/2-1/2

[Event "4. Wittelsbacher Weihnachts-Schach-Open"]
[Site "Kelheim"]
[Date "2015.12.29"]
[Round "5.60"]
[White "Gehrke, Jakob"]
[Black "Huchler, Stefan"]
[Result "0-1"]
[WhiteElo "1294"]
[BlackElo "1595"]
[PlyCount "88"]
[EventDate "2015.??.??"]
[WhiteTeam "TV Tegernsee"]
[BlackTeam "Hohenems"]

1. e4 c6 2. Nf3 d5 3. e5 Bg4 4. d4 e6 5. h3 Bxf3 6. Qxf3 Nd7 7. Bd3 Be7 8. Bf4
Qb6 9. b3 Qxd4 10. c3 Qb6 11. Qe2 Nc5 12. Nd2 Nxd3+ 13. Qxd3 Bc5 14. O-O Qc7
15. Nf3 Ne7 16. b4 Bb6 17. a4 Qd7 18. a5 Bd8 19. Rad1 Ng6 20. Bh2 O-O 21. c4
Qe7 22. c5 b6 23. Qc3 bxa5 24. bxa5 Rb8 25. a6 Rb5 26. Rc1 Ra5 27. Qb4 Rxa6 28.
Rb1 Ra5 29. Rfc1 Rb5 30. Qa3 Rxb1 31. Rxb1 a5 32. Rc1 Qa7 33. Nd4 Qa6 34. Rc3
Bc7 35. f4 Qc8 36. Nxc6 Qa6 37. Nd4 h6 38. Kf2 Rb8 39. Rc1 Rb4 40. Ne2 Re4 41.
Qb2 a4 42. Rc2 a3 43. Qa1 Qd3 44. Qc3 Rxe2+ 0-1

[Event "4. Wittelsbacher Weihnachts-Schach-Open"]
[Site "Kelheim"]
[Date "2015.12.29"]
[Round "5.61"]
[White "Krause, Karl-Heinz"]
[Black "Meier, Jannik"]
[Result "1-0"]
[WhiteElo "1428"]
[BlackElo "1353"]
[PlyCount "103"]
[EventDate "2015.??.??"]
[WhiteTeam "SK Landau-Dingolfing"]
[BlackTeam "TV Tegernsee"]

1. e4 c5 2. Nc3 g6 3. Nf3 Bg7 4. Bc4 e6 5. O-O Ne7 6. d4 cxd4 7. Nxd4 Nbc6 8.
Be3 O-O 9. Qd2 Ne5 10. Be2 N5c6 11. Rad1 a6 12. f4 f5 13. e5 Nb4 14. Nxe6 Qa5
15. Nxg7 Kxg7 16. Qd6 Nbc6 17. Nd5 Nxd5 18. Rxd5 Qxa2 19. Bc5 Rf7 20. Rd2 Qe6
21. Qd3 b5 22. Qc3 Kg8 23. Rd6 Qe8 24. Bf3 Bb7 25. Bd5 Nd8 26. Bxf7+ Qxf7 27.
Rfd1 Bc6 28. Rf6 Qc4 29. Rf8+ Kg7 30. Qxc4 bxc4 31. e6 Nxe6 32. Rxa8 Bxa8 33.
Rxd7+ Kg8 34. Be3 Be4 35. c3 h5 36. g3 Kf8 37. Ra7 Bd5 38. Rxa6 Ke7 39. Kf2 Kd7
40. Bd4 Nxd4 41. cxd4 Bf7 42. Ke3 Ke7 43. d5 Bxd5 44. Rxg6 Bf7 45. Rb6 Kd7 46.
Kd4 Ke8 47. Ke5 Kf8 48. Kxf5 Kg7 49. Rb7 Kg8 50. Kf6 Be8 51. Rb8 Kf8 52. Rc8
1-0

[Event "4. Wittelsbacher Weihnachts-Schach-Open"]
[Site "Kelheim"]
[Date "2015.12.29"]
[Round "5.62"]
[White "Butenandt, Svenja"]
[Black "Burgard, Manfred"]
[Result "1/2-1/2"]
[WhiteElo "1419"]
[BlackElo "1565"]
[PlyCount "44"]
[EventDate "2015.??.??"]
[WhiteTeam "TV Tegernsee"]
[BlackTeam "SF Roding"]

1. e4 c5 2. Nf3 d6 3. d4 cxd4 4. Qxd4 Nc6 5. Bb5 Bd7 6. Bxc6 Bxc6 7. c4 Nf6 8.
Nc3 h6 9. Bd2 e5 10. Qd3 a6 11. h3 Be7 12. Be3 Qa5 13. Bd2 Qd8 14. a3 O-O 15.
O-O Nh5 16. Rad1 Qb8 17. a4 Nf6 18. b3 Nd7 19. Be3 Nc5 20. Bxc5 dxc5 21. Nd5
Bxd5 22. exd5 Qd6 1/2-1/2

[Event "4. Wittelsbacher Weihnachts-Schach-Open"]
[Site "Kelheim"]
[Date "2015.12.29"]
[Round "5.63"]
[White "Boos-Guckes, Astrid"]
[Black "Guckes, Simon"]
[Result "0-1"]
[WhiteElo "1483"]
[BlackElo "1584"]
[PlyCount "48"]
[EventDate "2015.??.??"]
[WhiteTeam "SV Worms"]
[BlackTeam "SV Worms"]

1. e4 c5 2. c4 Nc6 3. Nc3 e6 4. g3 Nf6 5. Bg2 Be7 6. h3 O-O 7. Nge2 Re8 8. O-O
d6 9. d3 a6 10. Be3 Qc7 11. Qd2 b6 12. f4 Bb7 13. f5 exf5 14. Rxf5 Rad8 15.
Raf1 Bc8 16. R5f2 Be6 17. Nf4 Qd7 18. Nfd5 Bxd5 19. exd5 Ne5 20. Ne4 Rf8 21.
Nxf6+ Bxf6 22. Kh2 Ng6 23. Rf5 Be5 24. d4 cxd4 0-1

[Event "Kelheim"]
[Site "Kelheim"]
[Date "2015.12.29"]
[Round "6.1"]
[White "Promyshlyanskyy, Vitaliy"]
[Black "Gießmann, Stephan"]
[Result "1/2-1/2"]
[WhiteElo "2244"]
[BlackElo "2259"]
[Annotator "Doe,John"]
[PlyCount "140"]
[EventDate "2015.??.??"]
[WhiteTeam "SC Noris-Tarrasch Nürnberg"]
[BlackTeam "SK Kelheim"]

1. e4 e6 2. d4 d5 3. Nd2 c5 4. exd5 exd5 5. Ngf3 Nc6 6. Bb5 Bd6 7. dxc5 Bxc5 8.
O-O Nge7 9. Nb3 Bd6 10. Re1 O-O 11. Bd3 h6 12. h3 Nf5 13. c3 Be6 14. Bc2 Qf6
15. Qd3 g6 16. Qd1 Rfe8 17. Bxf5 Bxf5 18. Bxh6 Rxe1+ 19. Qxe1 Bxh3 20. Bg5 Qf5
21. Qe3 Bg4 22. Nbd4 Nxd4 23. Nxd4 Qe5 24. Qxe5 Bxe5 25. Re1 f6 26. Be3 Bd7 27.
Nf3 a6 28. Bd4 Bxd4 29. Nxd4 Kf7 30. f3 Rh8 31. Nb3 b6 32. Kf2 g5 33. Nd4 Rh2
34. Kg3 Rh8 35. Nc2 a5 36. Ne3 Be6 37. Rd1 Rd8 38. Rd4 Ke7 39. Rd1 d4 40. cxd4
Bxa2 41. f4 Bb3 42. Rd2 a4 43. d5 b5 44. Kg4 gxf4 45. Kxf4 Rc8 46. d6+ Kd7 47.
Nd5 Bxd5 48. Rxd5 Rc4+ 49. Kf5 Rb4 50. Rd2 Rh4 51. g4 b4 52. Rd4 a3 53. bxa3
bxa3 54. Ra4 Rh3 55. Kxf6 Kxd6 56. Rd4+ Kc5 57. Re4 Kb5 58. Re8 Kb4 59. g5 Kb3
60. g6 Rg3 {Rest unleserlich, anderes Formular fehlt!} 61. Rb8+ {[%emt 0:00:00]
} Kc2 62. Rc8+ Kb2 63. Rb8+ Kc2 64. Ra8 Kb2 65. g7 Rxg7 66. Kxg7 a2 67. Rb8+
Kc2 68. Rc8+ Kb2 69. Ra8 a1=Q 70. Rxa1 Kxa1 1/2-1/2

[Event "4. Wittelsbacher Weihnachts-Schach-Open"]
[Site "Kelheim"]
[Date "2015.12.29"]
[Round "6.2"]
[White "Braun, Michael"]
[Black "Belezky, Alexander"]
[Result "0-1"]
[WhiteElo "2041"]
[BlackElo "2463"]
[PlyCount "62"]
[EventDate "2015.??.??"]
[WhiteTeam "SG Büchenbach/Roth"]
[BlackTeam "FC Bayern München"]

1. d4 Nf6 2. Nf3 g6 3. c4 d6 4. g3 Bg7 5. Bg2 O-O 6. O-O a6 7. Nc3 Nc6 8. e4
Bd7 9. h3 Rb8 10. Be3 b5 11. d5 Na5 12. cxb5 axb5 13. Nd2 c5 14. dxc6 Nxc6 15.
Qe2 b4 16. Nd5 Nxd5 17. exd5 Ne5 18. Rfb1 Bb5 19. Qd1 Nd3 20. Qb3 Qc8 21. Kh2
Nc5 22. Bxc5 Qxc5 23. f4 Rfc8 24. a4 bxa3 25. Rxa3 Bf1 26. Qe3 Bxg2 27. Qxc5
Rxc5 28. Kxg2 Rxd5 29. Nc4 Rc5 30. Ra4 d5 31. Ne5 Rc2+ 0-1

[Event "4. Wittelsbacher Weihnachts-Schach-Open"]
[Site "Kelheim"]
[Date "2015.12.29"]
[Round "6.3"]
[White "Hacker, Jonas"]
[Black "Lechermann, Markus"]
[Result "1-0"]
[WhiteElo "2357"]
[BlackElo "2043"]
[PlyCount "107"]
[EventDate "2015.??.??"]
[WhiteTeam "SC Eppingen"]
[BlackTeam "MTV Ingolstadt"]

1. e4 c5 2. Nf3 e6 3. d4 cxd4 4. Nxd4 a6 5. Bd3 Qc7 6. O-O Nf6 7. Kh1 Nc6 8.
Nxc6 dxc6 9. f4 e5 10. f5 b5 11. Bg5 Be7 12. a4 Bb7 13. Qe2 h6 14. Bh4 O-O 15.
Nc3 Rfd8 16. b3 Ne8 17. Bg3 f6 18. Bf2 Bb4 19. Nd1 Kh8 20. Ne3 Bc3 21. Ra2 Bd4
22. Ng4 Bxf2 23. Nxf2 Nd6 24. g4 bxa4 25. Rxa4 Nb5 26. Qe3 c5 27. h4 Rd4 28.
Rxd4 exd4 29. Qf3 Qe7 30. Rg1 Nd6 31. g5 fxg5 32. hxg5 Nxf5 33. Qxf5 Rf8 34.
Qg4 Rxf2 35. gxh6 g5 36. Rg2 Rf4 37. Qxg5 Qxg5 38. Rxg5 Bxe4+ 39. Bxe4 Rxe4 40.
Rxc5 Rh4+ 41. Kg2 Rxh6 42. Kf3 Rh2 43. Ke4 Rd2 44. Rc6 a5 45. Rc5 Kg7 46. Rxa5
Rxc2 47. Kxd4 Kf7 48. Re5 Kf6 49. Re8 Kf7 50. Re3 Rc1 51. b4 Rc2 52. b5 Rc1 53.
Kd5 Kf6 54. b6 1-0

[Event "4. Wittelsbacher Weihnachts-Schach-Open"]
[Site "Kelheim"]
[Date "2015.12.29"]
[Round "6.4"]
[White "Blodig, Reinhard"]
[Black "Kreuzer, Martin"]
[Result "1/2-1/2"]
[WhiteElo "2155"]
[BlackElo "2334"]
[PlyCount "86"]
[EventDate "2015.??.??"]
[WhiteTeam "TV Riedenburg"]
[BlackTeam "SK Kelheim"]

1. g3 d5 2. Nf3 c6 3. d3 Nf6 4. Bg2 Bf5 5. Nbd2 h6 6. c4 e6 7. O-O Nbd7 8. b3
Bd6 9. Bb2 O-O 10. Qc2 Bh7 11. Rfd1 Re8 12. e4 dxe4 13. Nxe4 Nxe4 14. dxe4 Bc7
15. c5 Qe7 16. Rac1 Rad8 17. Qc4 e5 18. Ne1 Nf8 19. Rd3 Kh8 20. h4 Rxd3 21.
Nxd3 Rd8 22. f3 f6 23. Nf2 Ne6 24. b4 Bg8 25. Qe2 Nd4 26. Bxd4 Rxd4 27. a3 Qe6
28. Qc2 a5 29. Bh3 Qe8 30. Rd1 axb4 31. axb4 Rxb4 32. Rd7 Ba5 33. Qd1 Be6 34.
Bxe6 Qxe6 35. Qd6 Qxd6 36. cxd6 Rd4 37. Rxb7 Rxd6 38. Kf1 Rd2 39. h5 Kg8 40.
Ng4 Rd3 41. Ke2 Rd2+ 42. Kf1 Rd1+ 43. Ke2 Rd2+ 1/2-1/2

[Event "4. Wittelsbacher Weihnachts-Schach-Open"]
[Site "Kelheim"]
[Date "2015.12.29"]
[Round "6.5"]
[White "Eibl, Maximilian"]
[Black "Glawe, Ralf"]
[Result "1-0"]
[WhiteElo "2170"]
[BlackElo "1997"]
[PlyCount "63"]
[EventDate "2015.??.??"]
[WhiteTeam "SK Kelheim"]
[BlackTeam "MTV Ingolstadt"]

1. d4 Nf6 2. c4 e6 3. Nc3 Bb4 4. Qc2 O-O 5. Nf3 d5 6. cxd5 exd5 7. Bg5 h6 8.
Bh4 c6 9. e3 Re8 10. Bd3 Nbd7 11. O-O Nf8 12. a3 Be7 13. b4 a6 14. Na4 a5 15.
b5 cxb5 16. Bxb5 Bd7 17. Qb3 Bxb5 18. Qxb5 Ne4 19. Bxe7 Rxe7 20. Rfc1 Qd6 21.
Nb6 Rd8 22. Nc8 Qd7 23. Nxe7+ Qxe7 24. Qxa5 Ne6 25. Qb4 Qf6 26. Ra2 g5 27. Qxb7
g4 28. Ne5 Qf5 29. Nc6 Re8 30. Ne7+ Rxe7 31. Qxe7 N6g5 32. Qc5 1-0

[Event "4. Wittelsbacher Weihnachts-Schach-Open"]
[Site "Kelheim"]
[Date "2015.12.29"]
[Round "6.7"]
[White "Amtmann, Florian"]
[Black "Kranzl, Julian"]
[Result "0-1"]
[WhiteElo "2139"]
[BlackElo "1929"]
[PlyCount "125"]
[EventDate "2015.??.??"]
[WhiteTeam "Spvgg Stetten"]
[BlackTeam "Hohenems"]

1. e4 c5 2. Nf3 g6 3. d4 cxd4 4. Qxd4 Nf6 5. Nc3 Nc6 6. Qa4 d6 7. e5 Ng4 8.
exd6 Bg7 9. h3 Nge5 10. Nxe5 Bxe5 11. Be3 O-O 12. Rd1 exd6 13. a3 Be6 14. Bc4
Bxc3+ 15. bxc3 Qh4 16. Bb3 Qxa4 17. Bxa4 Rfd8 18. Bg5 Rd7 19. O-O Kg7 20. Rd2
Bc4 21. Rfd1 d5 22. Bb3 Na5 23. Bxc4 Nxc4 24. Rxd5 Rxd5 25. Rxd5 Nxa3 26. Be3
Nc4 27. Bc5 a6 28. Bd4+ Kg8 29. Kf1 Re8 30. Bf6 b6 31. Rd7 a5 32. Ra7 b5 33. g4
a4 34. g5 Nd2+ 35. Kg2 Ne4 36. c4 Nxf6 37. gxf6 bxc4 38. Rxa4 Rc8 39. Kf3 h6
40. Ke3 Rc6 41. Ra8+ Kh7 42. Ra7 Re6+ 43. Kf3 Rxf6+ 44. Ke3 g5 45. Rc7 Rf4 46.
Rd7 h5 47. f3 Kg6 48. Rd4 Rxd4 49. Kxd4 Kf5 50. Kxc4 Kf4 51. Kb5 Kxf3 52. c4 g4
53. hxg4 hxg4 54. c5 g3 55. c6 g2 56. c7 g1=Q 57. c8=Q Qg5+ 58. Kb6 Qe3+ 59.
Ka5 Qa3+ 60. Kb5 Qb3+ 61. Ka5 Qd5+ 62. Kb4 Qd4+ 63. Ka5 0-1

[Event "4. Wittelsbacher Weihnachts-Schach-Open"]
[Site "Kelheim"]
[Date "2015.12.29"]
[Round "6.8"]
[White "Gabler, Eric"]
[Black "Kreuzer, Helmut"]
[Result "1/2-1/2"]
[WhiteElo "1919"]
[BlackElo "2121"]
[PlyCount "79"]
[EventDate "2015.??.??"]
[WhiteTeam "TV Geiselhöring"]
[BlackTeam "SK Kelheim"]

1. d4 d5 2. c4 e6 3. Nc3 Nf6 4. Bg5 Be7 5. e3 h6 6. Bxf6 Bxf6 7. Nf3 O-O 8. Rc1
Nd7 9. cxd5 Nb6 10. dxe6 Bxe6 11. Be2 c5 12. dxc5 Nd5 13. Nxd5 Bxd5 14. O-O
Bxa2 15. Qa4 Be6 16. b4 Qe7 17. Rfd1 Rfc8 18. Nd4 Bxd4 19. Rxd4 a5 20. Bf3 axb4
21. Qxb4 Rc7 22. Rd2 Rac8 23. Rdc2 Bf5 24. Rc3 Re8 25. Qf4 Qe5 26. Qxe5 Rxe5
27. g3 Be4 28. Bxe4 Rxe4 29. f3 Ra4 30. R1c2 Kf8 31. e4 Rd4 32. Kf2 Rcd7 33.
Ke3 Rb4 34. h4 h5 35. Ra2 g6 36. Ra8+ Ke7 37. Rb8 Rc7 38. Ra8 Rb5 39. Kd4 Rb4+
40. Ke5 1/2-1/2

[Event "4. Wittelsbacher Weihnachts-Schach-Open"]
[Site "Kelheim"]
[Date "2015.12.29"]
[Round "6.9"]
[White "Goderbauer, Benedikt"]
[Black "Schindler, Gernot"]
[Result "1/2-1/2"]
[WhiteElo "1971"]
[BlackElo "2028"]
[PlyCount "52"]
[EventDate "2015.??.??"]
[WhiteTeam "SC Moosburg"]
[BlackTeam "SK Kelheim"]

1. d4 f5 2. Nf3 g6 3. b3 Bg7 4. e3 Nf6 5. Bc4 d5 6. Bd3 c5 7. O-O Qc7 8. c4 O-O
9. Nc3 e6 10. Ba3 Nbd7 11. Rc1 Qa5 12. cxd5 exd5 13. Bxc5 Nxc5 14. dxc5 Kh8 15.
Nb5 a6 16. Nbd4 Bd7 17. a4 Rfc8 18. Qd2 Qxd2 19. Nxd2 Bf8 20. b4 a5 21. b5 Rxc5
22. N2b3 Rxc1 23. Rxc1 Bd6 24. g3 b6 25. Nc6 Kg7 26. Nbd4 Bc5 1/2-1/2

[Event "4. Wittelsbacher Weihnachts-Schach-Open"]
[Site "Kelheim"]
[Date "2015.12.29"]
[Round "6.11"]
[White "Weigert, Wilhelm"]
[Black "Zinner, Bernhard"]
[Result "0-1"]
[WhiteElo "2044"]
[BlackElo "1795"]
[PlyCount "88"]
[EventDate "2015.??.??"]
[WhiteTeam "Post Regensburg"]
[BlackTeam "TV Geiselhöring"]

1. c4 e5 2. Nc3 Nf6 3. Nf3 Nc6 4. d4 exd4 5. Nxd4 Bc5 6. Nxc6 bxc6 7. e3 O-O 8.
Be2 d5 9. Bf3 Bb7 10. O-O Ba6 11. Na4 Be7 12. b3 dxc4 13. Bxc6 Rb8 14. Qf3 cxb3
15. Rd1 Bd6 16. axb3 Bb5 17. Ba3 Qe7 18. Bxd6 cxd6 19. Rd4 Rfc8 20. Bxb5 Rxb5
21. b4 Rcb8 22. Nc3 R5b7 23. Ra6 Rc7 24. Ne2 d5 25. h3 Rb6 26. Rxb6 axb6 27.
Qf4 h6 28. Ng3 Rc1+ 29. Kh2 Qc7 30. Qxc7 Rxc7 31. Nf5 Kf8 32. b5 Rc2 33. Ra4
Rc8 34. Ra7 Re8 35. Rb7 Re6 36. Nd4 Rd6 37. Nc6 Nd7 38. Rc7 f6 39. Kg3 Kf7 40.
Nd4 g6 41. h4 h5 42. Kf4 Ke8 43. Nc6 Nc5 44. Rg7 Ne6+ 0-1

[Event "4. Wittelsbacher Weihnachts-Schach-Open"]
[Site "Kelheim"]
[Date "2015.12.29"]
[Round "6.12"]
[White "Frei, Robert"]
[Black "Ebenhöch, Daniel"]
[Result "0-1"]
[WhiteElo "1892"]
[BlackElo "2041"]
[PlyCount "56"]
[EventDate "2015.??.??"]
[WhiteTeam "TSV Mindelheim"]
[BlackTeam "SK Ingolstadt"]

1. e4 c5 2. c3 d5 3. exd5 Qxd5 4. d4 Nc6 5. Nf3 Bg4 6. dxc5 Qxd1+ 7. Kxd1 e5 8.
b4 Nf6 9. h3 Bh5 10. g4 Bg6 11. Be3 O-O-O+ 12. Kc1 Nd5 13. Kb2 h5 14. g5 h4 15.
Na3 Be7 16. Rg1 Rh5 17. Nc4 Nxe3 18. fxe3 e4 19. Nd4 Rxg5 20. Rxg5 Bxg5 21. a4
Ne7 22. b5 Rd5 23. c6 bxc6 24. b6 a5 25. Rd1 c5 26. Nxa5 cxd4 27. Ba6+ Kb8 28.
Bb5 dxc3+ 0-1

[Event "4. Wittelsbacher Weihnachts-Schach-Open"]
[Site "Kelheim"]
[Date "2015.12.29"]
[Round "6.13"]
[White "Schindler, Tobias"]
[Black "Maurer, Heinrich"]
[Result "1/2-1/2"]
[WhiteElo "1748"]
[BlackElo "2099"]
[PlyCount "47"]
[EventDate "2015.??.??"]
[WhiteTeam "SK Kelheim"]
[BlackTeam "SK Kelheim"]

1. c4 e5 2. g3 Nf6 3. Bg2 d5 4. cxd5 Nxd5 5. Nc3 Nxc3 6. bxc3 Bc5 7. e3 O-O 8.
d4 Bd6 9. Ne2 c6 10. O-O Be6 11. Qc2 Qc7 12. a4 Nd7 13. Ba3 Bxa3 14. Rxa3 Nb6
15. Raa1 Nc4 16. Nc1 Rad8 17. Nb3 b6 18. Rfd1 f6 19. a5 Bd5 20. axb6 axb6 21.
Nd2 Bxg2 22. Kxg2 Nxd2 23. Rxd2 b5 24. Qb3+ 1/2-1/2

[Event "4. Wittelsbacher Weihnachts-Schach-Open"]
[Site "Kelheim"]
[Date "2015.12.29"]
[Round "6.14"]
[White "Bumes, Konrad"]
[Black "Bader, Dominic"]
[Result "1-0"]
[WhiteElo "2022"]
[BlackElo "2092"]
[PlyCount "93"]
[EventDate "2015.??.??"]
[WhiteTeam "SC Haar"]
[BlackTeam "SG Büchenbach/Roth"]

1. d4 Nf6 2. Nf3 g6 3. c4 Bg7 4. Nc3 d5 5. cxd5 Nxd5 6. Bd2 O-O 7. e4 Nxc3 8.
Bxc3 c5 9. Be2 Bg4 10. d5 Bxf3 11. Bxf3 Bxc3+ 12. bxc3 Nd7 13. O-O Qc7 14. c4
a6 15. a4 a5 16. Rb1 Ra6 17. Be2 Rb6 18. Rxb6 Nxb6 19. Qb3 Rb8 20. f4 Nc8 21.
e5 f6 22. Qc3 f5 23. g4 Qd7 24. gxf5 Qxf5 25. Qxa5 b6 26. Qd2 Ra8 27. d6 Ra7
28. Bf3 exd6 29. exd6 Rd7 30. Qe2 Rd8 31. Bg4 Qf6 32. Bxc8 Rxc8 33. d7 Rd8 34.
Qe8+ Kg7 35. Rd1 Qh4 36. Qe5+ Kh6 37. Rd5 Qg4+ 38. Kf2 Qh4+ 39. Ke2 Qxh2+ 40.
Kd1 Qg1+ 41. Kc2 Qg4 42. Rd6 Qg2+ 43. Rd2 Qg3 44. Qf6 Rxd7 45. Rxd7 Qg2+ 46.
Rd2 Qe4+ 47. Kb2 1-0

[Event "4. Wittelsbacher Weihnachts-Schach-Open"]
[Site "Kelheim"]
[Date "2015.12.29"]
[Round "6.15"]
[White "Boos, Patrick"]
[Black "Kaiser, Dominik"]
[Result "1-0"]
[WhiteElo "2046"]
[BlackElo "1906"]
[PlyCount "43"]
[EventDate "2015.??.??"]
[WhiteTeam "SV Worms"]
[BlackTeam "TSV Kareth-Lappersdorf"]

1. e4 c5 2. Nf3 Nc6 3. c3 g6 4. d4 cxd4 5. cxd4 Bg7 6. Nc3 d6 7. Bc4 Qb6 8. Nd5
Qd8 9. O-O Bg4 10. Be3 e6 11. Nc3 Bxf3 12. gxf3 a6 13. d5 Ne5 14. dxe6 Nh6 15.
exf7+ Nhxf7 16. Be2 O-O 17. f4 Qh4 18. fxe5 Bxe5 19. f4 Ng5 20. Qd5+ Kg7 21.
fxe5 Qh3 22. Bxg5 1-0

[Event "4. Wittelsbacher Weihnachts-Schach-Open"]
[Site "Kelheim"]
[Date "2015.12.29"]
[Round "6.16"]
[White "Nöckler, Alexander"]
[Black "Nies, Peter"]
[Result "1/2-1/2"]
[WhiteElo "1933"]
[BlackElo "2020"]
[PlyCount "85"]
[EventDate "2015.??.??"]
[WhiteTeam "SK Weiden"]
[BlackTeam "SK Gernsheim"]

1. c4 e6 2. e3 Nf6 3. Nf3 Be7 4. Be2 O-O 5. b3 d5 6. O-O Ne4 7. Bb2 Bf6 8. Qc2
b6 9. d3 Nd6 10. Nbd2 Bb7 11. Bxf6 Qxf6 12. c5 bxc5 13. Qxc5 Na6 14. Qa5 c5 15.
d4 Qd8 16. Qxd8 Rfxd8 17. dxc5 Nxc5 18. Rfc1 Ba6 19. Rxc5 Bxe2 20. Nd4 Bd3 21.
N2f3 Rdc8 22. Rac1 Rxc5 23. Rxc5 Rc8 24. Rxc8+ Nxc8 25. Ne5 Ba6 26. Nec6 Kf8
27. b4 Bc4 28. a3 a6 29. f3 Nb6 30. Kf2 Nd7 31. Ke1 e5 32. Ne2 f6 33. Nc3 Kf7
34. Na5 Nb6 35. Kd2 Ke6 36. Nb7 Kd7 37. Nc5+ Kc6 38. N3a4 d4 39. Nxb6 dxe3+ 40.
Kxe3 Kxb6 41. Ne4 Kc6 42. h4 f5 43. Nc3 1/2-1/2

[Event "4. Wittelsbacher Weihnachts-Schach-Open"]
[Site "Kelheim"]
[Date "2015.12.29"]
[Round "6.17"]
[White "Meulner, Fabian"]
[Black "Taube, Hubertus"]
[Result "1/2-1/2"]
[WhiteElo "1854"]
[BlackElo "2041"]
[PlyCount "47"]
[EventDate "2015.??.??"]
[WhiteTeam "SW Nürnberg Süd"]
[BlackTeam "SK Neuperlach"]

1. e4 c6 2. d4 d5 3. f3 dxe4 4. fxe4 Nf6 5. e5 Nd5 6. c4 Nb6 7. Nf3 Bg4 8. Be3
e6 9. Nc3 Bb4 10. a3 Bxc3+ 11. bxc3 O-O 12. Bd3 N8d7 13. O-O Bf5 14. Bxf5 exf5
15. Qd3 g6 16. Bg5 f6 17. exf6 Nxf6 18. Rae1 Qc7 19. c5 Nbd5 20. c4 Nf4 21. Qe3
N4h5 22. Qe6+ Qf7 23. Qxf7+ Kxf7 24. Rb1 1/2-1/2

[Event "4. Wittelsbacher Weihnachts-Schach-Open"]
[Site "Kelheim"]
[Date "2015.12.29"]
[Round "6.18"]
[White "Seidenschwarz, Holger"]
[Black "Lohr, Werner"]
[Result "1/2-1/2"]
[WhiteElo "2017"]
[BlackElo "1911"]
[PlyCount "36"]
[EventDate "2015.??.??"]
[WhiteTeam "SK Kelheim"]
[BlackTeam "TSV Mainburg"]

1. e4 d5 2. exd5 Qxd5 3. Nc3 Qa5 4. d4 c6 5. Bc4 Nf6 6. Bd2 Qc7 7. Qe2 Bf5 8.
Nf3 e6 9. O-O-O Nbd7 10. Nh4 Bg6 11. Nxg6 hxg6 12. g3 O-O-O 13. Bf4 Bd6 14.
Bxd6 Qxd6 15. h4 Nb6 16. Bb3 Nbd5 17. Nxd5 exd5 18. Qf3 Rhe8 1/2-1/2

[Event "4. Wittelsbacher Weihnachts-Schach-Open"]
[Site "Kelheim"]
[Date "2015.12.29"]
[Round "6.19"]
[White "Seifert, Werner"]
[Black "Bruckmeier, Bernhard"]
[Result "1-0"]
[WhiteElo "1985"]
[BlackElo "1931"]
[PlyCount "97"]
[EventDate "2015.??.??"]
[WhiteTeam "SV WB Allianz München"]

1. e4 c6 2. d4 d5 3. Nc3 dxe4 4. Nxe4 Bf5 5. Ng3 Bg6 6. Nf3 Nd7 7. h4 h6 8. h5
Bh7 9. Bd3 Bxd3 10. Qxd3 e6 11. Bd2 Qc7 12. O-O-O O-O-O 13. Qe2 Bd6 14. Ne4 Bf4
15. g3 Bxd2+ 16. Nexd2 Ngf6 17. Ne5 Rhf8 18. f4 c5 19. Ndf3 Kb8 20. Nxd7+ Nxd7
21. Rhe1 cxd4 22. Rxd4 Nf6 23. Rxd8+ Rxd8 24. Ne5 Rd5 25. Rd1 Rxd1+ 26. Qxd1
Ne8 27. Qd4 Nd6 28. g4 f6 29. Nd3 Qc6 30. b3 a6 31. Kb2 Kc7 32. Nc5 Nf7 33. Qc4
Nd8 34. a4 Kb8 35. Qd4 Nf7 36. b4 Kc7 37. Qc4 Nd8 38. b5 Qd5 39. Nxa6+ Kd7 40.
Qc7+ Ke8 41. Nb4 Qd4+ 42. c3 Qd2+ 43. Nc2 Qd7 44. Qxd7+ Kxd7 45. Kb3 b6 46. Ne3
Nb7 47. Nc4 Kc7 48. Kb4 g5 49. hxg6 1-0

[Event "4. Wittelsbacher Weihnachts-Schach-Open"]
[Site "Kelheim"]
[Date "2015.12.29"]
[Round "6.20"]
[White "Müller, Jochen"]
[Black "Vilsmeier, Christian"]
[Result "1-0"]
[WhiteElo "1745"]
[BlackElo "1994"]
[PlyCount "112"]
[EventDate "2015.??.??"]
[WhiteTeam "Spvgg Stetten"]
[BlackTeam "DJK-Regensburg Nord"]

1. d4 Nf6 2. Nf3 g6 3. Bf4 Bg7 4. e3 O-O 5. c4 c5 6. Nc3 d6 7. Be2 Nc6 8. d5
Nb4 9. a3 Na6 10. O-O Bd7 11. e4 Rb8 12. Qd2 Nc7 13. e5 Nfe8 14. Ne4 Bf5 15.
Ng3 Bg4 16. Rfe1 b5 17. b3 bxc4 18. bxc4 Na8 19. h3 Bxf3 20. Bxf3 Nb6 21. Rac1
Nd7 22. exd6 exd6 23. Rb1 Ne5 24. Be2 f5 25. Bg5 Nf6 26. f4 Nf7 27. Bh4 Qc7 28.
Bd3 Rxb1 29. Rxb1 Rb8 30. Qc2 Rxb1+ 31. Qxb1 Qb6 32. Qxb6 axb6 33. Ne2 Nd7 34.
Be7 Bf6 35. Bxf6 Nxf6 36. Nc3 Kf8 37. Kf2 Nd8 38. Nb5 Ke7 39. Kf3 h6 40. g4
fxg4+ 41. hxg4 g5 42. Na7 Nb7 43. Nc8+ Kd8 44. Nxb6 Na5 45. Na4 Nb3 46. Nc3
Nd4+ 47. Kg3 gxf4+ 48. Kxf4 Kc7 49. a4 Kb6 50. Nb5 Ka5 51. Nxd6 Kxa4 52. Nf5
Kb4 53. Nxh6 Kc3 54. Bf1 Nc2 55. g5 Ne8 56. g6 Nf6 1-0

[Event "4. Wittelsbacher Weihnachts-Schach-Open"]
[Site "Kelheim"]
[Date "2015.12.29"]
[Round "6.21"]
[White "Schwenck, Mathias"]
[Black "Klenk, Sofie"]
[Result "1-0"]
[WhiteElo "1920"]
[BlackElo "1823"]
[PlyCount "93"]
[EventDate "2015.??.??"]
[WhiteTeam "SC Moosburg"]
[BlackTeam "SC Tarrasch München"]

1. d4 d5 2. c4 dxc4 3. e4 Nf6 4. Nc3 Nc6 5. e5 Nd5 6. Bxc4 Nb6 7. Bb5 Bd7 8.
Nf3 Nb4 9. Bxd7+ Qxd7 10. O-O e6 11. Be3 Be7 12. a3 N4d5 13. Ne4 O-O 14. Rc1
Qb5 15. Qc2 Rac8 16. Nfg5 g6 17. Qd2 Nc4 18. Qe2 Nxa3 19. Qf3 Qxb2 20. Qh3 h5
21. Nxe6 Rfe8 22. N4c5 b6 23. Bg5 Bxg5 24. Nxg5 bxc5 25. Qd7 Ne7 26. Rxc5 Qb6
27. Rfc1 c6 28. Rxc6 Qb4 29. Rxc8 Rxc8 30. Rxc8+ Kg7 31. g3 Nc4 32. Rxc4 Qxc4
33. Qxe7 Qc1+ 34. Kg2 Qc6+ 35. Nf3 a5 36. Qf6+ Qxf6 37. exf6+ Kxf6 38. Nd2 Ke6
39. Kf3 Kd5 40. Ke3 a4 41. Kd3 g5 42. Nc4 Kc6 43. Kc3 Kb5 44. Nd6+ Kc6 45. Nxf7
g4 46. Ne5+ Kd5 47. Nd3 1-0

[Event "4. Wittelsbacher Weihnachts-Schach-Open"]
[Site "Kelheim"]
[Date "2015.12.29"]
[Round "6.22"]
[White "Goderbauer, Josef"]
[Black "Bildt, Thomas"]
[Result "0-1"]
[WhiteElo "1857"]
[BlackElo "1981"]
[PlyCount "96"]
[EventDate "2015.??.??"]
[WhiteTeam "SC Moosburg"]
[BlackTeam "SK Zirndorf"]

1. e4 e5 2. Nf3 Nc6 3. Bb5 a6 4. Ba4 Nf6 5. d3 b5 6. Bb3 d6 7. c3 Bg4 8. Nbd2
Na5 9. Bc2 c5 10. Nf1 h6 11. Ng3 Nh5 12. h3 Nxg3 13. fxg3 Bh5 14. O-O Be7 15.
d4 Nc6 16. d5 Nb8 17. g4 Bg6 18. a4 Nd7 19. axb5 axb5 20. Rxa8 Qxa8 21. g5 hxg5
22. Bxg5 Bxg5 23. Nxg5 Nf6 24. Qe2 Qa6 25. b3 Ke7 26. Bd3 Rh5 27. Nf3 c4 28.
bxc4 bxc4 29. Bxc4 Qb6+ 30. Qf2 Qxf2+ 31. Rxf2 Nxe4 32. Ra2 Rh8 33. Ra7+ Kf6
34. Rd7 Bf5 35. Rc7 Rc8 36. Rxc8 Bxc8 37. Bb5 Nxc3 38. Bc6 Ba6 39. Nd2 e4 40.
g3 Ke5 41. Be8 f5 42. g4 fxg4 43. hxg4 Nxd5 44. Bc6 Nc3 45. Kg2 d5 46. Kh3 d4
47. Kh4 Be2 48. Kg5 e3 0-1